[Event "exe Slovakia Open 2025"]
[Site "Bratislava SVK"]
[Date "2025.09.17"]
[Round "5.5"]
[White "Hrbek, Stepan"]
[Black "Nadzamova, Viktoria"]
[Result "1-0"]
[WhiteTitle "IM"]
[BlackTitle "WFM"]
[WhiteElo "2446"]
[BlackElo "2129"]
[WhiteFideId "393479"]
[BlackFideId "14943999"]
[EventDate "2025.09.13"]

1. c4 f5 2. d4 Nf6 3. Nc3 g6 4. Nf3 Bg7 5. b4 O-O 6. Bb2 d6 7. e3 e6 8. c5 d5 9.
Bd3 Ne4 10. Ne2 Qe7 11. Rc1 Bd7 12. h4 Be8 13. Nf4 Nc6 14. b5 Nd8 15. a4 Nf7 16.
Be2 Nh6 17. Ne5 b6 18. Ba3 Bxe5 19. dxe5 c6 20. bxc6 Bxc6 21. Qd4 Rfc8 22. Ba6
bxc5 23. Bxc8 Rxc8 24. Bxc5 Bxa4 25. Qxa4 Nxc5 26. Qd4 Nf7 27. O-O Rc7 28. Rc3
Na6 29. Rxc7 Nxc7 30. Qxa7 Nxe5 31. Rc1 Nc4 32. Nxe6 Qxe6 33. Qxc7 Qf6 34. Rb1
Ne5 35. Rb8+ 1-0

[Event "exe Slovakia Open 2025"]
[Site "Bratislava SVK"]
[Date "2025.09.17"]
[Round "5.6"]
[White "Kubik, Rafal"]
[Black "Pavlovic, Milos"]
[Result "0-1"]
[WhiteTitle "CM"]
[BlackTitle "GM"]
[WhiteElo "2192"]
[BlackElo "2409"]
[WhiteFideId "21022852"]
[BlackFideId "900389"]
[EventDate "2025.09.13"]

1. e4 c5 2. Nf3 d6 3. d4 cxd4 4. Nxd4 Nf6 5. Nc3 Nc6 6. Bg5 e6 7. Qd2 h6 8. Be3
Ng4 9. Nxc6 bxc6 10. Bf4 Rb8 11. f3 e5 12. Bg3 Nf6 13. Bc4 Be7 14. O-O-O O-O 15.
Kb1 Rb4 16. Bb3 d5 17. exd5 cxd5 18. Nxd5 Nxd5 19. Rhe1 h5 20. h3 0-1

[Event "exe Slovakia Open 2025"]
[Site "Bratislava SVK"]
[Date "2025.09.17"]
[Round "5.7"]
[White "Holly, Andrej"]
[Black "Pacher, Milan"]
[Result "1/2-1/2"]
[BlackTitle "GM"]
[WhiteElo "2199"]
[BlackElo "2392"]
[WhiteFideId "14947781"]
[BlackFideId "14907445"]
[EventDate "2025.09.13"]

1. e4 c6 2. d4 d5 3. e5 c5 4. Nf3 cxd4 5. Nxd4 Nc6 6. Nxc6 bxc6 7. Bd3 e6 8. Be3
Ba6 9. O-O Bxd3 10. cxd3 Ne7 11. Qa4 Qd7 12. Rc1 Ng6 13. d4 c5 14. Nc3 Be7 15.
g3 Rb8 16. Qxd7+ Kxd7 17. f4 Rhc8 18. dxc5 Rxb2 19. Rab1 Rxb1 20. Nxb1 f6 21.
exf6 gxf6 22. f5 exf5 23. Nd2 Ne5 24. Nb3 Nc4 25. Bf2 a5 26. Rd1 a4 27. c6+ Rxc6
28. Nd4 Rc7 29. Nxf5 Ke6 30. Nd4+ Kf7 31. Nb5 Rb7 32. Nc3 a3 33. Nxd5 Rb2 34.
Nxe7 Kxe7 35. Bc5+ Ke6 36. Rd4 Ne5 37. Rd6+ Kf5 38. Bxa3 Rxa2 39. Bb4 Nf3+ 40.
Kf1 Nxh2+ 41. Kg1 Nf3+ 42. Kf1 Ng5 43. Rd2 Ra4 44. Rb2 Ne4 45. Kg2 Kg4 46. Be1
h5 47. Rb3 Ra2+ 48. Kf1 f5 49. Rd3 Rh2 50. Kg1 Rc2 51. Kf1 Ra2 52. Rb3 Ra1 53.
Ke2 h4 54. gxh4 f4 55. Rb2 Ng3+ 56. Kf2 Kxh4 57. Kf3 Rxe1 58. Kxf4 Rf1+ 59. Ke3
Kg5 60. Rb5+ Nf5+ 61. Ke2 Ra1 62. Kd3 Ra3+ 63. Ke4 Kg4 64. Rb4 Ra5 65. Kd3+ Kf3
66. Rb8 Rd5+ 67. Kc4 Ne3+ 68. Kc3 Ke2 69. Re8 Rd7 70. Rh8 Rd3+ 71. Kb4 Kd1 72.
Rh1+ Kc2 73. Rh2+ Kb1 74. Kc5 Nc2 75. Kc4 Rd8 76. Kc3 Ne3 77. Rh1+ Ka2 78. Rh2+
Ka3 79. Rh7 Nd5+ 80. Kc4 Nb6+ 81. Kc3 Ka4 82. Rh4+ Kb5 83. Rh5+ Kc6 84. Rh6+ Kc5
85. Rh5+ Nd5+ 86. Kd3 Re8 87. Rg5 Re3+ 88. Kd2 Rh3 89. Rg8 Kd4 90. Rg4+ Ke5 91.
Rg8 Nf6 92. Ra8 Ne4+ 93. Ke2 Rh6 94. Re8+ Kd4 95. Rd8+ Nd6 96. Rd7 Re6+ 97. Kf3
Rf6+ 98. Ke2 Kc3 99. Rc7+ Nc4 100. Rc8 1/2-1/2

[Event "exe Slovakia Open 2025"]
[Site "Bratislava SVK"]
[Date "2025.09.17"]
[Round "5.8"]
[White "Zielonka, Adam"]
[Black "Sydoryka, Vladyslav"]
[Result "1-0"]
[WhiteTitle "FM"]
[BlackTitle "FM"]
[WhiteElo "2351"]
[BlackElo "2246"]
[WhiteFideId "21002096"]
[BlackFideId "14145928"]
[EventDate "2025.09.13"]

1. e4 c6 2. d4 d5 3. e5 c5 4. dxc5 e6 5. Be3 Nd7 6. Bb5 Ne7 7. Bd4 Nf5 8. c3 Be7
9. Ne2 O-O 10. O-O Nxc5 11. Bxc5 Bxc5 12. Bd3 Qg5 13. Nd4 Nxd4 14. cxd4 Bxd4 15.
Bxh7+ Kxh7 16. Qxd4 Bd7 17. Nd2 Rfc8 18. Nf3 Qf5 19. Rfc1 b6 20. h3 Bb5 21. Rc3
Rxc3 22. Qxc3 Ba6 23. Re1 Kg8 24. Nd4 Qf4 25. Qe3 Qh4 26. Rc1 Rc8 27. Rxc8+ Bxc8
28. b4 Bd7 29. Kh2 Qh7 30. Qg5 Qe4 31. Nf3 Qxb4 32. Qd8+ Kh7 33. Qxd7 Qf4+ 34.
Kh1 Qc1+ 35. Kh2 Qf4+ 36. Kh1 Qc1+ 37. Ng1 Qf4 38. Qxa7 d4 39. Qxb6 d3 40. Qb1
Qd2 41. Nf3 Qc2 42. Qe1 1-0

[Event "exe Slovakia Open 2025"]
[Site "Bratislava SVK"]
[Date "2025.09.17"]
[Round "5.9"]
[White "Dovgaliuk, Oleksandr"]
[Black "Brnusak, Tomas"]
[Result "0-1"]
[WhiteTitle "FM"]
[WhiteElo "2316"]
[BlackElo "2245"]
[WhiteFideId "14167247"]
[BlackFideId "14939878"]
[EventDate "2025.09.13"]

1. c4 d6 2. g3 e5 3. Bg2 f5 4. Nc3 Nf6 5. e3 Be7 6. Nge2 O-O 7. O-O c6 8. d4 Qe8
9. c5 Nbd7 10. cxd6 Bxd6 11. dxe5 Bxe5 12. a4 a5 13. Qc2 Nb6 14. Nd4 Bxd4 15.
exd4 Be6 16. Re1 Qf7 17. Bf4 Rad8 18. Rxe6 Qxe6 19. Bc7 Nbd5 20. Bxd8 Nb4 21.
Qe2 Qxe2 22. Nxe2 Rxd8 23. Rc1 g6 24. Rc5 b6 25. Re5 Kf7 26. Bf3 Rd6 27. Re3 Nc2
28. Rc3 Nb4 29. Re3 Nd7 30. h4 Nf8 31. Rc3 Ne6 32. Bxc6 Nxc6 33. d5 Ned4 0-1

[Event "exe Slovakia Open 2025"]
[Site "Bratislava SVK"]
[Date "2025.09.17"]
[Round "5.10"]
[White "Bujukliev, Nikola"]
[Black "Koepke, Christian"]
[Result "0-1"]
[BlackTitle "IM"]
[WhiteElo "2130"]
[BlackElo "2331"]
[WhiteFideId "15000907"]
[BlackFideId "4655737"]
[EventDate "2025.09.13"]

1. d4 d5 2. Nf3 Nf6 3. c4 e6 4. g3 Be7 5. Bg2 Ne4 6. Nc3 f5 7. Qb3 c6 8. Ne5 Nd7
9. Nd3 Nd6 10. cxd5 exd5 11. O-O Nf7 12. Bf4 Bf6 13. Bxd5 cxd5 14. Nxd5 O-O 15.
Nc7 Nb6 16. Nxa8 Nxa8 17. e3 Nc7 18. Rac1 Ne6 19. Be5 Neg5 20. Bxf6 Qxf6 21. Nf4
Nf3+ 22. Kg2 Nd2 23. Qd5 Nxf1 24. Kxf1 Qa6+ 25. Kg2 g5 26. Rxc8 Rxc8 27. Qxf5
Rd8 28. Ne6 Re8 29. d5 Qd6 30. f4 Qe7 31. h4 Nh6 32. Qxg5+ Qxg5 33. hxg5 Nf7 34.
e4 Rc8 35. Nd4 Rc4 36. Nf5 Rxe4 37. Kf3 Re1 38. g4 Rb1 39. Ke4 Rxb2 40. Kd4 Re2
41. a4 Kf8 42. Nh4 Rh2 43. Nf5 Ra2 44. Nh4 Ra3 45. g6 Rh3 46. g7+ Kxg7 47. Nf5+
Kf8 48. Ke4 a5 49. d6 Ke8 50. Kd5 Kd7 51. Nd4 Ra3 52. Kc5 Rxa4 53. Kd5 Rxd4+ 54.
Kxd4 Kxd6 55. Kc4 a4 56. Kd4 b5 57. Kc3 b4+ 58. Kb2 a3+ 59. Ka2 Kd5 60. f5 Ke5
61. Kb3 Kf4 62. f6 Kxg4 63. Ka2 Kf5 0-1

[Event "exe Slovakia Open 2025"]
[Site "Bratislava SVK"]
[Date "2025.09.17"]
[Round "5.11"]
[White "Elias, David"]
[Black "Vasynda, Oleksandr"]
[Result "1-0"]
[WhiteTitle "FM"]
[BlackTitle "FM"]
[WhiteElo "2329"]
[BlackElo "2209"]
[WhiteFideId "14960141"]
[BlackFideId "14176297"]
[EventDate "2025.09.13"]

1. d4 Nf6 2. c4 e6 3. Nf3 d5 4. Nc3 Bb4 5. Qb3 Bxc3+ 6. Qxc3 O-O 7. Bg5 Nbd7 8.
e3 h6 9. Bh4 g5 10. Bg3 Ne4 11. Qc2 c6 12. O-O-O f5 13. Bd3 Qe7 14. Ne5 Nxg3 15.
hxg3 Nxe5 16. dxe5 Kg7 17. g4 Bd7 18. f4 b5 19. c5 Qf7 20. gxf5 exf5 21. g4 gxf4
22. gxf5 Bxf5 23. Rdg1+ Kh7 24. Rg5 1-0

[Event "exe Slovakia Open 2025"]
[Site "Bratislava SVK"]
[Date "2025.09.17"]
[Round "5.12"]
[White "Stevik, Patrik"]
[Black "Selbes, Tamer Tarik"]
[Result "1/2-1/2"]
[WhiteTitle "FM"]
[BlackTitle "FM"]
[WhiteElo "2314"]
[BlackElo "2209"]
[WhiteFideId "14944812"]
[BlackFideId "6302513"]
[EventDate "2025.09.13"]

1. e4 e5 2. Nf3 Nc6 3. Bc4 Nf6 4. Ng5 d5 5. exd5 Na5 6. d3 h6 7. Nf3 e4 8. Nd4
c6 9. O-O Nxc4 10. dxc4 cxd5 11. cxd5 Bc5 12. c4 O-O 13. h3 Qc7 14. Be3 Qe5 15.
Nc6 bxc6 16. Bxc5 Rd8 17. Bd4 Qg5 18. Bxf6 Qxf6 19. Nc3 Rb8 20. Qd2 cxd5 21.
Nxd5 Qe5 22. b3 Be6 23. Ne7+ Kh7 24. Nc6 Rxd2 25. Nxe5 Rbd8 26. Rfe1 f5 27. Nc6
R8d7 28. a4 Rc7 29. Na5 Rcd7 30. Rac1 Rb2 31. Rcd1 Rc7 32. Rb1 Ra2 33. Ra1 Rb2
34. Reb1 Rc2 35. Rc1 Rb2 36. Rab1 Ra2 37. Rd1 f4 38. Rd6 Bf5 39. Re1 Rb2 40. Nc6
e3 41. f3 g5 42. Nd4 Bc8 43. a5 Rc5 44. Ra1 h5 45. a6 g4 46. hxg4 hxg4 47. fxg4
Rg5 48. Rd5 Rxg4 49. Rh5+ Kg7 50. Rh2 Rg6 51. Rf1 Rxa6 52. g3 Rxh2 53. Kxh2 Ra2+
54. Kg1 fxg3 55. Re1 Bh3 56. Ne2 Kh6 57. Nf4 Kg5 58. Nxh3+ Kg4 59. Ng5 Kxg5 60.
Rxe3 Kf4 61. Re7 1/2-1/2

[Event "exe Slovakia Open 2025"]
[Site "Bratislava SVK"]
[Date "2025.09.17"]
[Round "5.13"]
[White "Lahav, Michal"]
[Black "Snehal, Bhosale"]
[Result "1/2-1/2"]
[WhiteTitle "WIM"]
[BlackTitle "CM"]
[WhiteElo "2152"]
[BlackElo "2270"]
[WhiteFideId "2813742"]
[BlackFideId "5021995"]
[EventDate "2025.09.13"]

1. e4 e5 2. Nf3 Nc6 3. Bb5 a6 4. Ba4 Nf6 5. O-O d6 6. d3 g6 7. h3 Bg7 8. Nc3 b5
9. Bb3 Na5 10. Bg5 h6 11. Be3 Bb7 12. Nh2 Nxb3 13. axb3 d5 14. exd5 Nxd5 15.
Nxd5 Qxd5 16. f3 O-O 17. Qd2 Kh7 18. Rfe1 f5 19. Qb4 Rfe8 20. Qh4 Re6 21. Rad1
c5 22. Kh1 Rg8 23. Nf1 Qc6 24. Nd2 Bf8 25. Bg5 Qd5 26. Nb1 Qd4 27. Qxd4 cxd4 28.
Bh4 Bd6 29. Bg3 Rge8 30. Bh2 Bd5 31. c3 dxc3 32. Nxc3 Bxb3 33. Ra1 b4 34. Ne2
Bb8 35. Rec1 Rd8 36. d4 e4 37. Bxb8 Rxb8 38. Rc7+ Kg8 39. Nf4 Rd6 40. fxe4 fxe4
41. Re7 Bc2 42. Ne6 Rbb6 43. Rg7+ Kh8 44. Rf1 Rxe6 45. Rff7 Bb3 46. Rh7+ Kg8 47.
Rhg7+ Kh8 1/2-1/2

[Event "exe Slovakia Open 2025"]
[Site "Bratislava SVK"]
[Date "2025.09.17"]
[Round "5.14"]
[White "Gay, Lukas"]
[Black "Koelber, Daniel"]
[Result "0-1"]
[WhiteElo "2093"]
[BlackElo "2270"]
[WhiteFideId "14966433"]
[BlackFideId "1643380"]
[EventDate "2025.09.13"]

1. e4 c5 2. Nf3 d6 3. d4 cxd4 4. Nxd4 Nf6 5. Nc3 a6 6. Be3 e5 7. Nb3 Be7 8. h3
h6 9. f4 Nbd7 10. Be2 b5 11. Bf3 Bb7 12. a3 Rc8 13. Qd2 Qc7 14. O-O O-O 15. Rad1
Rfe8 16. Qf2 Bf8 17. Rfe1 exf4 18. Bxf4 Ne5 19. Nd4 Nc4 20. Bc1 Nxa3 21. Qg3 Kh7
22. Nf5 Nc4 23. Bf4 Rcd8 0-1

[Event "exe Slovakia Open 2025"]
[Site "Bratislava SVK"]
[Date "2025.09.17"]
[Round "5.15"]
[White "Schwarz, Dusan"]
[Black "Dalgar, Hakki Berat"]
[Result "0-1"]
[BlackTitle "CM"]
[WhiteElo "2270"]
[BlackElo "1979"]
[WhiteFideId "14903890"]
[BlackFideId "6347444"]
[EventDate "2025.09.13"]

1. d4 Nf6 2. c4 e6 3. Nf3 Bb4+ 4. Nbd2 b6 5. a3 Bxd2+ 6. Qxd2 Bb7 7. e3 d6 8.
Be2 O-O 9. O-O Nbd7 10. b4 Ne4 11. Qc2 f5 12. d5 Rf6 13. dxe6 Ne5 14. Bb2 Rg6
15. Bxe5 dxe5 16. c5 bxc5 17. bxc5 Bc6 18. g3 Ng5 19. Qxf5 Be4 20. e7 Qxe7 21.
Bc4+ Kh8 22. Nxg5 Bxf5 23. Nf7+ Kg8 24. Nh6+ Kf8 25. Nxf5 Qxc5 26. Rac1 Rc6 27.
Rfd1 Qxa3 28. e4 a5 29. Rc2 Qa4 30. Rdc1 Qb4 31. Ne3 a4 32. Nd5 Qd6 33. Rc3 g6
34. Rf3+ Kg7 35. Ne3 Rf8 36. Rxf8 Kxf8 37. Rb1 Rb6 38. Rd1 Qxd1+ 0-1

[Event "exe Slovakia Open 2025"]
[Site "Bratislava SVK"]
[Date "2025.09.17"]
[Round "5.16"]
[White "Babula, Matej"]
[Black "Jablonicky, Martin"]
[Result "0-1"]
[BlackTitle "IM"]
[WhiteElo "2012"]
[BlackElo "2363"]
[WhiteFideId "398322"]
[BlackFideId "14925621"]
[EventDate "2025.09.13"]

1. e4 c5 2. c3 Nf6 3. e5 Nd5 4. Bc4 Nb6 5. Bb3 Nc6 6. Nf3 d5 7. exd6 Qxd6 8. O-O
Be6 9. Na3 Bxb3 10. Qxb3 Qd5 11. Qxd5 Nxd5 12. Nc2 g6 13. d4 cxd4 14. Ncxd4 Nxd4
15. Nxd4 Bg7 16. Be3 Nxe3 17. fxe3 e6 18. Rad1 Ke7 19. e4 Rhd8 20. Nf3 f6 21.
Kf2 e5 22. Ke2 Ke6 23. g4 Bh6 24. Nh4 Bf4 25. h3 Bg5 26. Ng2 Rxd1 27. Rxd1 h5
28. gxh5 gxh5 29. Ne1 f5 30. exf5+ Kxf5 31. Rd7 Rd8 32. Rxb7 Rd2+ 33. Kf1 Be3
34. Ng2 Bb6 35. b4 Rf2+ 36. Kg1 Rxa2+ 37. Kh1 Rc2 38. Rh7 Rc1+ 39. Kh2 Bg1+ 40.
Kh1 Kg6 41. Rh8 Bf2+ 42. Kh2 Rxc3 43. Rg8+ Kh7 44. Rg5 Kh6 45. Rg8 h4 0-1

[Event "exe Slovakia Open 2025"]
[Site "Bratislava SVK"]
[Date "2025.09.17"]
[Round "5.17"]
[White "Janik, Marek Tobias"]
[Black "Oruzinsky, Juraj"]
[Result "1-0"]
[BlackTitle "FM"]
[WhiteElo "2045"]
[BlackElo "2318"]
[WhiteFideId "73612715"]
[BlackFideId "14962195"]
[EventDate "2025.09.13"]

1. c4 e5 2. Nc3 Nf6 3. g3 Bb4 4. e4 O-O 5. d3 c6 6. Bd2 d5 7. Qc2 d4 8. Nce2
Bxd2+ 9. Qxd2 c5 10. Bg2 Nc6 11. Nf3 a6 12. O-O b5 13. Rfc1 Qb6 14. Ne1 Be6 15.
b3 Nd7 16. f4 f6 17. f5 Bf7 18. g4 bxc4 19. dxc4 a5 20. Nd3 a4 21. Rab1 axb3 22.
axb3 Rfb8 23. Rc2 Ra3 24. Nec1 Qa6 25. Rcb2 Rb6 26. Bf3 Qb7 27. g5 Nb4 28. Nxb4
Rxb4 29. gxf6 Nxf6 30. Qg2 Qb8 31. Bd1 Rb6 32. Nd3 Nd7 33. Qg5 h6 34. Qg3 Bxc4
35. Rg2 Qf8 36. Nxe5 Nxe5 37. Qxe5 Re6 38. Qc7 Rxe4 39. bxc4 Re1+ 40. Kf2 Re7
41. Qb8 Re8 42. Qf4 g5 43. Rb2 Kh8 44. Qg4 Re5 45. Rg3 Rxf5+ 46. Kg2 Ra1 47. Rf3
Rxf3 48. Bxf3 Rc1 49. Qe4 g4 50. Qe5+ Kg8 51. Bd5+ Kh7 52. Rb7+ 1-0

[Event "exe Slovakia Open 2025"]
[Site "Bratislava SVK"]
[Date "2025.09.17"]
[Round "5.18"]
[White "Farkas, Gabor1"]
[Black "Thompson, Ian D"]
[Result "1/2-1/2"]
[WhiteTitle "IM"]
[BlackTitle "FM"]
[WhiteElo "2316"]
[BlackElo "2006"]
[WhiteFideId "14908034"]
[BlackFideId "405205"]
[EventDate "2025.09.13"]

1. d4 d5 2. c4 e6 3. Nf3 Nf6 4. g3 Bb4+ 5. Nbd2 dxc4 6. Bg2 O-O 7. Qc2 Nc6 8.
Qxc4 e5 9. dxe5 Be6 10. Qc2 Ng4 11. O-O Rb8 12. Ne4 Ncxe5 13. Nxe5 Nxe5 14. Ng5
Ng6 15. Nxe6 fxe6 16. Qc4 Qd6 17. Be3 Ne5 18. Qe4 Nc6 19. Rac1 Qe7 20. Qc4 Bd6
21. Bxc6 bxc6 22. b3 Rf5 23. Qxc6 a5 24. Rc4 Rbf8 25. Re4 Qf6 26. Qc4 Rd5 27.
Rg4 Rf7 28. Bd4 Qf5 29. h3 h5 30. e4 Qf3 31. Rg6 Qxe4 32. Rxg7+ Rxg7 33. Bxg7
Qxc4 34. bxc4 Rd2 35. Bc3 Rxa2 36. Ra1 Rxa1+ 37. Bxa1 a4 38. Kf1 a3 39. Ke2 Kf7
40. Kd3 Bc5 41. f3 Kg6 42. Kc2 Bd6 43. g4 Kg5 44. Kb3 hxg4 45. hxg4 e5 46. c5
Bxc5 47. Bxe5 c6 1/2-1/2

[Event "exe Slovakia Open 2025"]
[Site "Bratislava SVK"]
[Date "2025.09.17"]
[Round "5.19"]
[White "Nawalaniec, Adam"]
[Black "Galla, Richard"]
[Result "1-0"]
[WhiteTitle "FM"]
[WhiteElo "2302"]
[BlackElo "2035"]
[WhiteFideId "21023786"]
[BlackFideId "14948672"]
[EventDate "2025.09.13"]

1. e4 c5 2. Nf3 Nc6 3. d4 cxd4 4. Nxd4 Nf6 5. Nc3 e5 6. Ndb5 d6 7. Bg5 a6 8. Na3
b5 9. Nd5 Be7 10. Bxf6 Bxf6 11. c3 Bg5 12. Nc2 Rb8 13. a4 O-O 14. axb5 axb5 15.
Be2 g6 16. O-O f5 17. exf5 gxf5 18. f4 Bh6 19. Rf3 Kh8 20. Rh3 Bg7 21. Kh1 Rg8
22. Bd3 Qe8 23. Bxb5 Bd7 24. Bc4 Rf8 25. b4 exf4 26. Nxf4 Be5 27. Qf3 Nxb4 28.
Ra7 Nxc2 29. Rxh7+ Kxh7 30. Rxd7+ Kh6 31. Qh3+ Kg5 32. Qg3+ Kh6 33. Qh4+ 1-0

[Event "exe Slovakia Open 2025"]
[Site "Bratislava SVK"]
[Date "2025.09.17"]
[Round "5.20"]
[White "Striskova, Lucia"]
[Black "Gubin, Dmitrii"]
[Result "0-1"]
[WhiteTitle "WFM"]
[WhiteElo "2042"]
[BlackElo "2219"]
[WhiteFideId "14960958"]
[BlackFideId "13911848"]
[EventDate "2025.09.13"]

1. e4 c5 2. Nf3 Nc6 3. d4 cxd4 4. Nxd4 Nf6 5. Nc3 e5 6. Nf5 d5 7. exd5 Bxf5 8.
dxc6 bxc6 9. Qf3 Qd7 10. Bc4 Bd6 11. Bg5 e4 12. Qe2 O-O 13. O-O-O Qe7 14. f3 h6
15. Bxf6 Qxf6 16. fxe4 Qg5+ 17. Kb1 Bg4 18. Qd3 Bxd1 19. Rxd1 Bxh2 20. Qf3 Rad8
21. Rf1 Be5 22. Na4 Bf6 23. e5 Qxe5 24. Qxc6 Qd4 25. Bd3 Rb8 26. Bb5 Rfc8 27.
Qa6 Qe5 28. c4 Rxc4 29. Bxc4 Rxb2+ 30. Kc1 Qe3+ 31. Kd1 0-1

[Event "exe Slovakia Open 2025"]
[Site "Bratislava SVK"]
[Date "2025.09.17"]
[Round "5.21"]
[White "Zetocha, Adrian"]
[Black "Kapinaj, Matus"]
[Result "1-0"]
[WhiteTitle "FM"]
[WhiteElo "2183"]
[BlackElo "2023"]
[WhiteFideId "14950430"]
[BlackFideId "14980703"]
[EventDate "2025.09.13"]

1. d4 d5 2. c4 c6 3. Nc3 dxc4 4. a4 e5 5. dxe5 Qxd1+ 6. Kxd1 Be6 7. Nf3 Nd7 8.
Bf4 O-O-O 9. Ke1 h6 10. Nd4 Nc5 11. Nxe6 Nxe6 12. e3 Nxf4 13. exf4 Rd4 14. Rd1
Bc5 15. Rxd4 Bxd4 16. Bxc4 f6 17. e6 Ne7 18. Ke2 Kc7 19. Rd1 Rd8 20. Rd3 Ng6 21.
g3 f5 22. h4 h5 23. Nd1 Bf6 24. Rd7+ Kc8 25. Ne3 Ne7 26. Rxe7 Bxe7 27. Nxf5 Bf6
28. e7 Re8 29. Bf7 Rxe7+ 30. Nxe7+ Bxe7 31. Bxh5 Kc7 32. Bf7 Kb6 33. f5 Ka5 34.
b3 Kb4 35. f4 a6 36. h5 b5 37. Kd3 Bf6 38. g4 Kc5 39. axb5 axb5 40. g5 Ba1 41.
f6 gxf6 42. g6 1-0

[Event "exe Slovakia Open 2025"]
[Site "Bratislava SVK"]
[Date "2025.09.17"]
[Round "5.22"]
[White "Boesel, Alexander"]
[Black "Jendrowiak, Maciej"]
[Result "1/2-1/2"]
[WhiteElo "2054"]
[BlackElo "2171"]
[WhiteFideId "4623185"]
[BlackFideId "21861374"]
[EventDate "2025.09.13"]

1. e4 e5 2. Nf3 Nc6 3. Bc4 Bc5 4. d3 d6 5. c3 Bb6 6. Bb3 h6 7. Nbd2 Nge7 8. Nc4
O-O 9. Nh4 Kh8 10. Qh5 Ng8 11. Nxb6 axb6 12. Bxf7 Rxf7 13. Qxf7 Qxh4 14. Qxc7
Qd8 15. Qxd8 Nxd8 16. c4 Bd7 17. a4 Rxa4 18. Rxa4 Bxa4 19. Kd2 Bd7 20. b3 Ne6
21. Kc3 Ne7 22. Be3 b5 23. Ra1 Bc6 24. f3 Kg8 25. Kb4 Nc7 26. Bb6 Na6+ 27. Kc3
Kf7 28. b4 Nc8 29. Be3 Nc7 30. g4 bxc4 31. dxc4 b5 32. Ra5 bxc4 33. Kxc4 Ke6 34.
b5 Bxb5+ 35. Rxb5 Nxb5 36. Kxb5 g5 37. Kc4 Ne7 38. Bf2 Ng6 39. Bg3 Ne7 1/2-1/2

[Event "exe Slovakia Open 2025"]
[Site "Bratislava SVK"]
[Date "2025.09.17"]
[Round "5.23"]
[White "Shtemler, Lavi"]
[Black "Gouterney, Anton"]
[Result "1-0"]
[WhiteElo "2185"]
[BlackElo "2000"]
[WhiteFideId "2812061"]
[BlackFideId "34675418"]
[EventDate "2025.09.13"]

1. e4 c5 2. Nf3 e6 3. d4 cxd4 4. Nxd4 Nf6 5. Nc3 Nc6 6. Ndb5 d6 7. Bf4 e5 8. Bg5
a6 9. Na3 b5 10. Nab1 Be7 11. Bxf6 Bxf6 12. a4 b4 13. Nd5 Bg5 14. Bc4 O-O 15.
O-O Kh8 16. c3 Rb8 17. Qd3 f5 18. Bxa6 bxc3 19. Nbxc3 Rxb2 20. Nb5 Rd2 21. Qa3
fxe4 22. Bxc8 Qxc8 23. Nxd6 Qd8 24. Nxe4 Rxd5 25. Nxg5 Nd4 26. Qa2 h6 27. Ne4
Rf4 28. Rfe1 Nc6 29. Qc2 Nb4 30. Qe2 Rd4 31. Nc5 Rd2 32. Rad1 Rxd1 33. Rxd1 Rd4
34. Re1 Qd5 35. Qb5 Nc2 36. Rf1 Rg4 37. f3 Rc4 38. Nd7 Qxb5 39. axb5 Rb4 40. b6
Ne3 41. Rc1 Nd5 42. Rc6 Rb5 43. Rd6 Ne7 44. Nc5 Kg8 45. Rd8+ Kf7 46. b7 Nc6 47.
Rc8 Rxc5 48. b8=Q Nxb8 49. Rxc5 Nd7 50. Ra5 Ke6 51. Kf2 Nf6 52. Ra7 g5 53. Ra6+
Kf7 54. Ke3 h5 55. g3 Kg7 56. Ra5 e4 57. Rxg5+ Kh6 58. Rf5 Kg6 59. Rxf6+ 1-0

[Event "exe Slovakia Open 2025"]
[Site "Bratislava SVK"]
[Date "2025.09.17"]
[Round "5.24"]
[White "Barbir, Petar"]
[Black "Marchesich, Giovanni"]
[Result "1/2-1/2"]
[BlackTitle "CM"]
[WhiteElo "1923"]
[BlackElo "2189"]
[WhiteFideId "14596466"]
[BlackFideId "2824790"]
[EventDate "2025.09.13"]

1. e4 c6 2. Nc3 d5 3. Nf3 dxe4 4. Nxe4 Nf6 5. Qe2 Na6 6. Nxf6+ gxf6 7. d4 h5 8.
b3 Bf5 9. a3 h4 10. Bb2 Nc7 11. g3 Bg4 12. h3 hxg3 13. fxg3 Ne6 14. Bg2 Bxf3 15.
Qxf3 Bh6 16. d5 Qxd5 17. Qxd5 cxd5 18. Bxd5 O-O-O 19. Rd1 Rhg8 20. Kf2 Rg5 21.
Bxe6+ fxe6 22. Bc1 Rf5+ 23. Kg2 Bxc1 24. Rxd8+ Kxd8 25. Rxc1 Rd5 26. Rf1 Ke8 27.
h4 f5 28. c4 Rd4 29. Rf4 Rd3 30. Rf3 Rd4 31. Rc3 e5 32. b4 e4 33. c5 Rd2+ 34.
Kf1 Kd7 35. b5 Rb2 36. a4 Kc7 37. c6 e5 38. cxb7+ Kxb7 39. Rc5 f4 40. Rxe5 Rb1+
41. Kf2 Rb2+ 42. Ke1 Rb1+ 43. Kf2 Rb2+ 44. Kg1 Rb1+ 45. Kg2 f3+ 46. Kf2 Rb2+ 47.
Kf1 1/2-1/2

[Event "exe Slovakia Open 2025"]
[Site "Bratislava SVK"]
[Date "2025.09.17"]
[Round "5.25"]
[White "Fudala, Dominik"]
[Black "Akdogan, Alperen"]
[Result "0-1"]
[BlackTitle "FM"]
[WhiteElo "1829"]
[BlackElo "2113"]
[WhiteFideId "1189298"]
[BlackFideId "6347363"]
[EventDate "2025.09.13"]

1. e4 c6 2. d4 d5 3. exd5 cxd5 4. Bd3 Nf6 5. c3 Nc6 6. Bf4 Bg4 7. Qb3 Qd7 8. Nd2
e6 9. Ngf3 Bd6 10. Bxd6 Qxd6 11. O-O O-O 12. Rae1 Bxf3 13. Nxf3 Qc7 14. Ne5 Nxe5
15. Rxe5 Rfe8 16. h3 Rab8 17. f4 g6 18. g4 Kg7 19. Kg2 b5 20. a3 a5 21. g5 Ne4
22. Bxb5 Rec8 23. Rc1 a4 24. Qxa4 Qb7 25. Ba6 Qxb2+ 26. Rc2 Nxc3 27. Rxb2 Rxb2+
28. Kg3 Nxa4 29. Bxc8 Nc3 30. Re3 Nb5 31. Rd3 Ra2 32. Bd7 Nxa3 33. Ba4 Nb1 34.
Bb3 Nd2 35. Kh4 Ne4 36. Bd1 Rg2 37. Bg4 Nd6 38. Re3 h6 39. Rd3 h5 0-1

[Event "exe Slovakia Open 2025"]
[Site "Bratislava SVK"]
[Date "2025.09.17"]
[Round "5.26"]
[White "Andre, Tomas"]
[Black "Albu, Vlad"]
[Result "1-0"]
[WhiteTitle "CM"]
[WhiteElo "2111"]
[BlackElo "1815"]
[WhiteFideId "14975793"]
[BlackFideId "13909622"]
[EventDate "2025.09.13"]

1. e4 c5 2. Nf3 d6 3. d4 cxd4 4. Nxd4 Nf6 5. Nc3 a6 6. Bc4 e6 7. Bb3 Be7 8. f4
Nbd7 9. Bxe6 fxe6 10. Nxe6 Qa5 11. Nxg7+ Kf7 12. Nf5 Nb6 13. Nxe7 Kxe7 14. O-O
Qc5+ 15. Kh1 Be6 16. Qe1 Rhf8 17. Be3 Qc6 18. Qh4 Kd7 19. Rad1 Kc7 20. f5 Bc4
21. Rf2 Rad8 22. Rfd2 Rd7 23. Bf4 Ne8 24. b3 Bg8 25. Qg3 Kc8 26. Bh6 Rdf7 27. a4
Rf6 28. Bxf8 Rxf8 29. a5 Nd7 30. Qe3 Bf7 31. Rd4 Ne5 32. Na4 Kb8 33. Nb6 Rg8 34.
c4 Qc7 35. Qc3 Ng4 36. R1d2 Nef6 37. h3 d5 38. hxg4 Rxg4 39. exd5 Ne4 40. Rxe4
Rxe4 41. d6 Qd8 42. Qg3 Qf6 1-0